<?xml version="1.0" encoding="UTF-8"?><?xml-stylesheet type="text/xsl" href="static/style.xsl"?><OAI-PMH xmlns="http://www.openarchives.org/OAI/2.0/" xmlns:xsi="http://www.w3.org/2001/XMLSchema-instance" xsi:schemaLocation="http://www.openarchives.org/OAI/2.0/ http://www.openarchives.org/OAI/2.0/OAI-PMH.xsd"><responseDate>2026-04-18T07:25:10Z</responseDate><request verb="GetRecord" identifier="oai:www.recercat.cat:2072/233059" metadataPrefix="marc">https://recercat.cat/oai/request</request><GetRecord><record><header><identifier>oai:recercat.cat:2072/233059</identifier><datestamp>2024-12-12T04:46:15Z</datestamp><setSpec>com_2072_5167</setSpec><setSpec>com_2072_5163</setSpec><setSpec>col_2072_5168</setSpec></header><metadata><record xmlns="http://www.loc.gov/MARC21/slim" xmlns:dcterms="http://purl.org/dc/terms/" xmlns:xsi="http://www.w3.org/2001/XMLSchema-instance" xmlns:doc="http://www.lyncode.com/xoai" xsi:schemaLocation="http://www.loc.gov/MARC21/slim http://www.loc.gov/standards/marcxml/schema/MARC21slim.xsd">
   <leader>00925njm 22002777a 4500</leader>
   <datafield ind2=" " ind1=" " tag="042">
      <subfield code="a">dc</subfield>
   </datafield>
   <datafield ind2=" " ind1=" " tag="720">
      <subfield code="a">Boquete Sancho, Patricia</subfield>
      <subfield code="e">author</subfield>
   </datafield>
   <datafield ind2=" " ind1=" " tag="260">
      <subfield code="c">2014-06-13</subfield>
   </datafield>
   <datafield ind2=" " ind1=" " tag="520">
      <subfield code="a">Més de cent anys han passat ja des de la publicació de El Suïcidi d'Émile Durkheim. La teoria durkheimniana va aportar una explicació coherent del suïcidi i va revolucionar la sociologia de l'època. A través de l'estudi de l'obra d'aquest sociòleg, es pretén esbrinar si encara avui les seves hipòtesis continuen vigents. Per a això, es durà a terme un procés de renovació de la teoria clàssica del suïcidi fins situar-la al segle XXI. Per completar l'anàlisi, es plantejarà la importància tant del pes del col · lectiu com del psicològic, ambdós en relació al fenomen suïcida.</subfield>
   </datafield>
   <datafield ind1="8" ind2=" " tag="024">
      <subfield code="a">http://hdl.handle.net/2072/233059</subfield>
   </datafield>
   <datafield ind2="0" ind1="0" tag="245">
      <subfield code="a">El suicidio: revisitando a Durkheim</subfield>
   </datafield>
</record></metadata></record></GetRecord></OAI-PMH>